000 00596cam a2200205u 4500
999 _c130162
_d130162
001 10488619
003 ARRUPE
005 20200122092303.0
008 830630s1971 enkaf 000 0 eng
010 _aunk83029022
040 _aDLC
_cCarP
_dDLC
050 0 0 _aDA591.A45
_b1971
100 1 _aCathcart, Helen.
_948992
245 1 4 _aThe Duchess of Kent.
_cHelen Cathcart
260 _aLondon,
_bW. H. Allen,
_c1971.
300 _a200 p, 16 plates :
_billus, ports. ;
_c24 cm.
650 _aDuchess of Kent
_948993
906 _a0
_bcbc
_cpremunv
_du
_encip
_f19
_gy-gencatlg
942 _2lcc
_cMONOGRAPH